Największe miasta w Finlandii - Statystyki

Ogólne statystyki
  • Ten quiz został rozwiązany 118 razy
  • Średni wynik to 6 z 15
Statystyki odpowiedzi
LP. Liczba ludności Odpowiedź % Poprawnych
1. 657700 Helsinki
99%
6. 195500 Turku
83%
5. 207400 Oulu
68%
3. 241400 Tampere
67%
2. 292900 Espoo
64%
9. 120000 Lahti
63%
8. 120200 Kuopio
49%
4. 237200 Vantaa
34%
7. 143500 Jyvaskyla
24%
14. 67600 Vaasa
22%
10. 83700 Pori
21%
11. 76900 Joensuu
20%
13. 67800 Hameenlinna
9%
12. 72700 Lappeenranta
8%
15. 64100 Seinajoki
7%
Nie znaleziono quizów pasujących do podanych kryteriów
Rozkład punktacji
Procent ludzi z każdym wynikiem
Percentyl według liczby udzielonych odpowiedzi
Twoja historia wyników
Nie rozwiązałeś tego quizu